| 000 | 00633nam a2200169 4500 | ||
|---|---|---|---|
| 001 | 132753 | ||
| 003 | ES-MaACL | ||
| 005 | 20230906194237.0 | ||
| 007 | t| | ||
| 008 | 070214q1948 sp r ||||1| spa d | ||
| 100 | 1 |
_aRos y Fillol, Godofredo. _999598 |
|
| 245 | 1 | 0 |
_aMurallas de Valencia _b: segunda conferencia del ciclo organizado por el Gobierno Militar de Valencia, dada el día 18 de mayo del año 1948 / _cpor Godofredo Ros y Fillol. |
| 260 |
_aValencia : _bJ. Doménech, _c[1948?] |
||
| 300 |
_a31 p., 1 lám. : _bil. |
||
| 710 | 2 |
_aValencia (Provincia). _bGobierno Militar. _97540 |
|
| 852 |
_aES-MaACL _j1928-F-20 _bR.31156 |
||
| 999 |
_c132753 _d132753 |
||